Direito tributário : (Record no. 680)

MARC details
000 -LÍDER
Campo Fixo de Controle 00827nam a2200253 a 4500
001 - NÚMERO DE CONTROLE
Campo de Controle 680
003 - IDENTIFICAÇÃO DO NÚMERO DE CONTROLE
Campo de Controle BR-CuiBMT
005 - DATA E HORA DA ÚLTIMA ATUALIZAÇÃO
Campo de Controle 20231120051705.0
008 - DADOS FIXOS
Dados Fixos 231107s2014 baba 000 0 por d
020 ## - INTERNATIONAL STANDARD BOOK NUMBER
Nº do ISBN 8544200796
040 ## - AGÊNCIA CATALOGADORA
Código da Agência Catalogadora BR-CuiBMT
Agência que transcreveu o registro BR-CuiBMT
080 ## - Nº DA CLASSIFICAÇÃO DECIMAL UNIVERSAL
Nº edição CDU 2007
Nº Class. CDU 34:336.2
Subd. Auxiliar Comum (079.1)
090 ## - NÚMERO DE CHAMADA
Nº classificação 34:336.2(079.1)
Cutter A923d
100 1# - ENTRADA PRINCIPAL -- AUTOR PESSOAL
Nome pessoal Augusto Junior, Antônio
245 10 - TÍTULO PRINCIPAL
Título principal Direito tributário :
Subtítulo em provas discursivas /
Indicação de responsabilidade Antônio Augusto Jr.
260 ## - PUBLICAÇÃO, DISTRIBUIÇÃO, ETC.
Local de publicação Salvador :
Editora JusPODIVM,
Data 2014.
300 ## - DESCRIÇÃO FÍSICA
N. páginas ou volumes 322 p. :
Ilustrações il. ;
Dimensões 23 cm
490 1# - INDICAÇÃO DE SÉRIE
Título da série Coleção provas discursivas respondidas e comentadas
504 ## - NOTA DE BIBLIOGRAFIA, ETC.
Nota de bibliografia Inclui bibliografia.
650 ## - ASSUNTO TÓPICO
Cabeçalho tópico ou nome geográfico Direito tributário
Subdivisão geográfica Brasil
650 ## - ASSUNTO TÓPICO
Cabeçalho tópico ou nome geográfico Direito tributário
Subdivisão de forma Problemas, exercícios, etc
830 #0 - ENTRADA SECUNDÁRIA DE SÉRIE -- TÍTULO UNIFORME
Título uniforme Provas discursivas , respondidas e comentadas
942 ## - ELEMENTOS DE ENTRADA ADICIONAIS (KOHA)
Fonte de classificação ou esquema de arquivamento Classificação Decimal Universal
Tipo de item do Koha Livros
Holdings
Estado: removido Estado: perdido Fonte de classificação ou esquema de arquivamento Estado: danificado Indisponível para empréstimo Localização permanente Localização atual Data de aquisição Total Checkouts Número de Chamada completo Código de barras Date last seen Número do exemplar Preço efetivo a partir de Tipo de item (Koha)
    Classificação Decimal Universal     Biblioteca da Escola Superior de Contas do TCE/MT Biblioteca da Escola Superior de Contas do TCE/MT 13/11/2023   34:336.2(079.1) A923d BIBTCEMT23110524 13/11/2023 Ex. 1 13/11/2023 Livros

Powered by Koha